Missing Word: 1990s 'U', 'V', 'Y' and 'Z' Song Endings Quiz Stats

 Plays Quiz Updated Feb 29, 2020

Support Sporcle.
Go Orange.
Score 0/14 Timer 04:00
0 Plays Today
Song Missing Word % Correct
Praise ____You
97.7%
Leaving Las ____Vegas
96%
Nothing Compares 2 ____U
94.7%
C'Est la ____Vie
90.8%
You Don't Care About ____Us
90.7%
Twilight ____Zone
90.2%
T.O.N.Y. (Top of New ____)York
88.4%
Song Missing Word % Correct
Good ____Vibrations
78.2%
Black ____Velvet
72.9%
So ____Young
59.9%
I Walked with a ____Zombie
55.8%
It's So Hard to Say Goodbye to ____Yesterday
51.1%
Brooklyn ____Zoo
44%
Love and ____Understanding
30.6%

Today's Daily Dose

Missing Word
Inventors

Word Ladder
Feud Chain

Get the Picture
Domestic Movie Titles

From the Vault

Pokémon: Click 'em All!

by MrChewypoo

Gaming 90s
They say mashing the 'A' button helps with catch rate.
Remove Ads.
Support Sporcle.
Get the best of Sporcle when you Go Orange. This ad-free experience offers more features, more stats, and more fun while also helping to support Sporcle. Thank you for becoming a member.

Show Comments

Extras

Top Quizzes Today


Score Distribution

Your Account Isn't Verified!

In order to create a playlist on Sporcle, you need to verify the email address you used during registration. Go to your Sporcle Settings to finish the process.

Report this User

Report this user for behavior that violates our Community Guidelines.

Details: